Word Ladder: Heart Doctor Quiz Stats

 Plays Quiz Updated Oct 24, 2019

Score 0/20 Timer 02:00
3 Plays Today
Clue 3-Letter Word % Correct
♥ Personal vehicle ♥♥ CAR ♥
98.8%
Use a shovelDIG
96.5%
Thick mistFOG
96.3%
Tear apartRIP
96.3%
Buzzing insectBEE
96%
Word of farewellBYE
95.9%
Ask for charityBEG
95.9%
Lower limbLEG
95.7%
Seed-packed fruitFIG
94.5%
Black viscous liquidTAR
94.1%
Clue 3-Letter Word % Correct
Chimpanzee or gorilla, e.g.APE
93.9%
♥ Fallen tree trunk ♥♥ LOG ♥
93.6%
Brazilian city, for shortRIO
93.1%
Voting yesAYE
92.7%
Iceberg featureTIP
91.3%
♥ God, in Italian ♥♥ DIO ♥
91.3%
Noisy dance genreTAP
90%
Mentally quick and resourcefulAPT
79.4%
Juneau time zone (abbr.)AST
55.6%
♥ Real or violin suffix ♥♥ IST ♥
52.4%

Today's Daily Dose

You're not logged in!

Compare scores with friends on all Sporcle quizzes.
OR
Log In

Sporcle TV

Today on Sporcle TV


Watch our educational content, quiz creation guides, and fun videos on Sporcle TV.

Show Comments

Extras

Top Quizzes Today


Score Distribution

Your Account Isn't Verified!

In order to create a playlist on Sporcle, you need to verify the email address you used during registration. Go to your Sporcle Settings to finish the process.

Report this User

Report this user for behavior that violates our Community Guidelines.

Details: